[Event "División  Honor Aragonesa 2018 "]
[Site "Aragon"]
[Date "2018.01.27"]
[Round "1.1"]
[White "Forcen Esteban, Daniel"]
[Black "Roche Simon, Manuel Angel"]
[Result "1-0"]
[WhiteElo "2541"]
[BlackElo "2210"]
[PlyCount "51"]
[EventDate "2018.??.??"]
[EventType "tourn"]
[EventRounds "10"]
[EventCountry "ESP"]
[WhiteTeam "Jaime Casas"]
[BlackTeam "Delicias"]

1. e4 e6 2. d4 d5 3. Nc3 Nf6 4. Bg5 Bb4 5. e5 h6 6. Bc1 Nfd7 7. Qg4 Bf8 8. Nf3
a6 9. h4 c5 10. dxc5 Nc6 11. Be3 Ndxe5 12. Nxe5 Nxe5 13. Qg3 Nc6 14. O-O-O Qa5
15. Be2 h5 16. Rhe1 Bd7 17. Bf3 O-O-O 18. Bxd5 Nb4 19. Bb3 Qc7 20. Bf4 Qxc5 21.
a3 Nc6 22. Na4 Qa5 23. Be3 Qc7 24. Nb6+ Kb8 25. Nxd7+ Rxd7 26. Rxd7 {1-0} 1-0

[Event "División  Honor Aragonesa 2018 "]
[Site "Aragon"]
[Date "2018.01.27"]
[Round "1.2"]
[White "Llanes Luno, Ricardo"]
[Black "Ramiro Ovejero, Juan Luis"]
[Result "1/2-1/2"]
[WhiteElo "2179"]
[BlackElo "2384"]
[PlyCount "104"]
[EventDate "2018.??.??"]
[EventType "tourn"]
[EventRounds "10"]
[EventCountry "ESP"]
[WhiteTeam "Delicias"]
[BlackTeam "Jaime Casas"]

1. e4 c5 2. Nf3 e6 3. d4 cxd4 4. Nxd4 a6 5. Bd3 g6 6. O-O Bg7 7. Be3 Nf6 8. c4
d6 9. Nc3 O-O 10. Rc1 Nbd7 11. Be2 d5 12. cxd5 exd5 13. exd5 Nb6 14. d6 Nfd5
15. Ne4 Nxe3 16. fxe3 Qe8 17. Bf3 Nd7 18. Qb3 Ne5 19. Nc5 Nxf3+ 20. Nxf3 b6 21.
Qxb6 Qxe3+ 22. Kh1 Bg4 23. Rce1 Qf4 24. Ne5 Qg5 25. Nxg4 Qxg4 26. h3 Qg3 27.
Ne4 Qh4 28. Qc7 Rae8 29. d7 Rd8 30. Nc5 Qc4 31. Rc1 Qb5 32. a4 Qxb2 33. Nb7 Be5
34. Qc6 Bb8 35. Nxd8 Qe5 36. g3 Rxd8 37. Rce1 Qxg3 38. Re8+ Kg7 39. Qg2 Rxd7
40. Qxg3 Bxg3 41. Ra8 Rd6 42. Ra7 h5 43. Raxf7+ Kh6 44. R7f6 Rd2 45. Rxa6 Kg5
46. Rb1 Kh4 47. Rxg6 Kxh3 48. a5 Ra2 49. a6 h4 50. Kg1 Rg2+ 51. Kf1 Rf2+ 52.
Kg1 Ra2 1/2-1/2

[Event "División  Honor Aragonesa 2018 "]
[Site "Aragon"]
[Date "2018.01.27"]
[Round "1.3"]
[White "Gines Esteo, Pedro Antonio"]
[Black "Lamas Mercadal, Manuel"]
[Result "1-0"]
[WhiteElo "2386"]
[BlackElo "2133"]
[PlyCount "71"]
[EventDate "2018.??.??"]
[EventType "tourn"]
[EventRounds "10"]
[EventCountry "ESP"]
[WhiteTeam "Jaime Casas"]
[BlackTeam "Delicias"]

1. d4 e6 2. Nf3 f5 3. g3 Nf6 4. Bg2 d5 5. c4 c6 6. O-O Bd6 7. Bf4 Bxf4 8. gxf4
O-O 9. Nbd2 Nbd7 10. Ne1 Ne4 11. Ndf3 dxc4 12. Qc2 b5 13. b3 Nb6 14. e3 Bb7 15.
Ne5 c5 16. bxc4 bxc4 17. f3 cxd4 18. fxe4 d3 19. N1xd3 cxd3 20. Qb3 Rf6 21.
exf5 Bxg2 22. Kxg2 Qd5+ 23. Qxd5 Nxd5 24. Kf3 exf5 25. Rad1 Nc3 26. Rxd3 Ne4
27. Rc1 Rb6 28. Rc2 h6 29. Rd7 Nf6 30. Re7 Nd5 31. Rf7 Rf6 32. Rd7 Nb6 33. Rb7
Rc8 34. Rxc8+ Nxc8 35. Rb8 Rf8 36. Ng6 {1-0} 1-0

[Event "División  Honor Aragonesa 2018 "]
[Site "Aragon"]
[Date "2018.01.27"]
[Round "1.5"]
[White "Baron Rodriguez, Jesus"]
[Black "Cifuentes Parada, Roberto"]
[Result "0-1"]
[WhiteElo "2423"]
[BlackElo "2465"]
[PlyCount "56"]
[EventDate "2018.??.??"]
[EventType "tourn"]
[EventRounds "10"]
[EventCountry "ESP"]
[WhiteTeam "Ibercaja"]
[BlackTeam "Jaque"]

1. e4 c5 2. Nf3 e6 3. d4 cxd4 4. Nxd4 Nc6 5. Nc3 d6 6. Be3 Nf6 7. f4 e5 8. Nxc6
bxc6 9. Be2 Qa5 10. Qd2 Rb8 11. O-O-O d5 12. fxe5 Nxe4 13. Nxe4 Qxa2 14. Qc3
Bb4 15. Qxc6+ Bd7 16. Qa6 Ba5 17. Nd6+ Kf8 18. Qxa5 Qxa5 19. Rhf1 Be6 20. Bh5
g6 21. Nxf7 Ke7 22. Bg5+ Kd7 23. Nxh8 gxh5 24. Bf6 Qa1+ 25. Kd2 Qxb2 26. Rf4
Rc8 27. Rc1 d4 28. Rf3 a5 0-1

[Event "División  Honor Aragonesa 2018 "]
[Site "Aragon"]
[Date "2018.01.27"]
[Round "1.6"]
[White "Roque Sola, Jose Luis"]
[Black "Moreno Gracia, Daniel"]
[Result "0-1"]
[WhiteElo "2160"]
[BlackElo "2309"]
[PlyCount "82"]
[EventDate "2018.??.??"]
[EventType "tourn"]
[EventRounds "10"]
[EventCountry "ESP"]
[WhiteTeam "Jaque"]
[BlackTeam "Ibercaja"]

1. e4 e5 2. Nf3 Nc6 3. Bb5 Bc5 4. O-O Qf6 5. c3 Nge7 6. d3 h6 7. Be3 Bb6 8. d4
Ng6 9. Na3 O-O 10. Nc4 exd4 11. cxd4 d5 12. e5 Qf5 13. Nxb6 axb6 14. Bd3 Qh5
15. Nd2 Qxd1 16. Rfxd1 Nge7 17. Nb3 Nb4 18. a3 Nxd3 19. Rxd3 Bf5 20. Rc3 c6 21.
h3 Ra4 22. Rd1 Bh7 23. f4 Be4 24. Nd2 f5 25. Kf2 b5 26. b4 Rfa8 27. Nxe4 dxe4
28. Bc1 Nd5 29. Rb3 Kf7 30. g4 g6 31. Kg3 Ke6 32. h4 h5 33. gxh5 gxh5 34. Kf2
Rg8 35. Rg1 Rg4 36. Rxg4 fxg4 37. Bd2 Ne7 38. Ke3 Kd5 39. f5 Nxf5+ 40. Kf4 Nxd4
41. Re3 Ra8 0-1

[Event "División  Honor Aragonesa 2018 "]
[Site "Aragon"]
[Date "2018.01.27"]
[Round "1.7"]
[White "Lopez Gracia, Fernando"]
[Black "Eizaguerri Floris, Maria"]
[Result "1-0"]
[WhiteElo "2302"]
[BlackElo "2119"]
[PlyCount "79"]
[EventDate "2018.??.??"]
[EventType "tourn"]
[EventRounds "10"]
[EventCountry "ESP"]
[WhiteTeam "Ibercaja"]
[BlackTeam "Jaque"]

1. d4 d5 2. c4 e6 3. Nc3 Nf6 4. Bg5 Be7 5. e3 c6 6. Nf3 Nbd7 7. cxd5 exd5 8.
Bd3 Nh5 9. Bxe7 Qxe7 10. O-O O-O 11. Qb1 g6 12. b4 Ng7 13. a4 Nf6 14. b5 Bf5
15. Rc1 Rfc8 16. a5 c5 17. dxc5 Rxc5 18. Nd4 Ne4 19. Nxf5 gxf5 20. Ne2 Rac8 21.
Qb2 Ne6 22. Rxc5 N6xc5 23. Nf4 Nxd3 24. Nxd3 Rc3 25. Nf4 Qc5 26. Rf1 Qa3 27.
Qe2 Nf6 28. Qd2 Rc5 29. g3 Rxb5 30. Qd4 Qd6 31. Rc1 Qd8 32. Qd3 Qd7 33. Qd4 Qd8
34. Qxa7 Kg7 35. Qd4 Kg8 36. Qe5 Ne8 37. Qxf5 Qf6 38. Qd7 Nd6 39. Nh5 Qe6 40.
Rc8+ 1-0

[Event "División  Honor Aragonesa 2018 "]
[Site "Aragon"]
[Date "2018.01.27"]
[Round "1.8"]
[White "Ereza Vizcarra, Fernando"]
[Black "Martinez Cebolla, Alberto"]
[Result "1/2-1/2"]
[WhiteElo "2054"]
[BlackElo "2087"]
[PlyCount "65"]
[EventDate "2018.??.??"]
[EventType "tourn"]
[EventRounds "10"]
[EventCountry "ESP"]
[WhiteTeam "Jaque"]
[BlackTeam "Ibercaja"]

1. d4 Nf6 2. Nf3 d5 3. Bf4 e6 4. e3 c5 5. Nbd2 Nc6 6. c3 Bd6 7. Bg3 O-O 8. Bd3
b6 9. Ne5 Bb7 10. O-O Qc7 11. f4 Ne7 12. Qb1 Qc8 13. Bh4 h6 14. Bxf6 gxf6 15.
Ng4 f5 16. Nf6+ Kg7 17. Nh5+ Kh8 18. Qe1 Rg8 19. Qh4 Rg6 20. Nf3 Qg8 21. Rf2
Nc6 22. Ne5 Nxe5 23. fxe5 Bf8 24. Raf1 Re8 25. Nf6 Be7 26. Be2 Qg7 27. Nxe8
Bxh4 28. Nxg7 Bxf2+ 29. Kxf2 Kxg7 30. h4 Kf8 31. Rd1 Ke7 32. Bf3 Ba6 33. Rg1
1/2-1/2

[Event "División  Honor Aragonesa 2018 "]
[Site "Aragon"]
[Date "2018.01.27"]
[Round "1.9"]
[White "Adla, Diego"]
[Black "Hinojar Basa, Alfonso"]
[Result "1-0"]
[WhiteElo "2407"]
[BlackElo "2199"]
[PlyCount "47"]
[EventDate "2018.??.??"]
[EventType "tourn"]
[EventRounds "10"]
[EventCountry "ESP"]
[WhiteTeam "St. Casablanca A"]
[BlackTeam "Marcos Frechin"]

1. Nf3 d5 2. c4 e6 3. b3 Nf6 4. Bb2 c5 5. g3 Nc6 6. Bg2 d4 7. O-O Be7 8. e3 e5
9. exd4 exd4 10. d3 O-O 11. Na3 Bg4 12. h3 Bh5 13. g4 Bg6 14. Nh4 h5 15. g5 Nd7
16. f4 Bxg5 17. Nxg6 fxg6 18. fxg5 Qxg5 19. Qe2 Nde5 20. Nb5 Nb4 21. Nc7 Rxf1+
22. Rxf1 Rc8 23. Bc1 Qe7 24. Nd5 1-0

[Event "División  Honor Aragonesa 2018 "]
[Site "Aragon"]
[Date "2018.01.27"]
[Round "1.10"]
[White "Sancho Cortes, Miguel Angel"]
[Black "Glavina, Pablo"]
[Result "0-1"]
[WhiteElo "2048"]
[BlackElo "2394"]
[PlyCount "108"]
[EventDate "2018.??.??"]
[EventType "tourn"]
[EventRounds "10"]
[EventCountry "ESP"]
[WhiteTeam "Marcos Frechin"]
[BlackTeam "St. Casablanca A"]

1. e4 c5 2. d4 cxd4 3. c3 Nf6 4. e5 Nd5 5. Nf3 Nc6 6. Bc4 Nb6 7. Bb3 g6 8. Ng5
d5 9. exd6 e6 10. Qf3 Ne5 11. Qe4 Qxd6 12. cxd4 Nc6 13. Bf4 Qxd4 14. Qxd4 Nxd4
15. Be5 Nxb3 16. axb3 Bb4+ 17. Nc3 O-O 18. Bd4 Bd7 19. O-O e5 20. Bxb6 Bxc3 21.
Ne4 axb6 22. bxc3 Bc6 23. f3 Rxa1 24. Rxa1 Rd8 25. Re1 Rd3 26. b4 f5 27. Ng5 h6
28. Ne6 e4 29. fxe4 Bxe4 30. Nf4 Rd2 31. Re2 Rd1+ 32. Kf2 Kf7 33. g4 Rc1 34.
gxf5 gxf5 35. Re3 Rc2+ 36. Ne2 Kf6 37. Rh3 Ke5 38. Ke3 f4+ 39. Nxf4 Rxc3+ 40.
Kd2 Rxh3 41. Nxh3 Kd4 42. Nf2 Bf5 43. Nd1 b5 44. Ne3 Be4 45. Ng4 h5 46. Nf2 Bg6
47. Nh3 h4 48. Ng5 Kc4 49. Nf3 Kxb4 50. Nxh4 Be4 51. Ke3 Bh7 52. Kd2 Ka3 53.
Nf3 b4 54. Ne5 b5 0-1

[Event "División  Honor Aragonesa 2018 "]
[Site "Aragon"]
[Date "2018.01.27"]
[Round "1.11"]
[White "Quintin Navarro, Alberto"]
[Black "Fabre Perez, Jose Maria"]
[Result "1-0"]
[WhiteElo "2380"]
[BlackElo "1943"]
[PlyCount "52"]
[EventDate "2018.??.??"]
[EventType "tourn"]
[EventRounds "10"]
[EventCountry "ESP"]
[WhiteTeam "St. Casablanca A"]
[BlackTeam "Marcos Frechin"]

1. Nf3 d5 2. c4 e6 3. g3 Nf6 4. b3 c5 5. Bg2 Nc6 6. O-O Be7 7. e3 O-O 8. Bb2
Ne4 9. Qe2 Bf6 10. d4 b6 11. cxd5 exd5 12. Rd1 Nb4 13. Nc3 Ba6 14. Nb5 Qd7 15.
a4 Nd6 16. Bf1 Rac8 17. Rac1 Rfe8 18. Ne5 Qe6 19. Bg2 cxd4 20. exd4 Nc6 21. Qf1
Bxe5 22. dxe5 Ne4 23. Bh3 Qh6 24. Bxc8 Bxc8 25. Nd6 Bg4 26. Nxe4 dxe4 1-0

[Event "División  Honor Aragonesa 2018 "]
[Site "Aragon"]
[Date "2018.01.27"]
[Round "1.12"]
[White "Ruiperez Gumiel, Ramon"]
[Black "Chueca Lorente, Javier"]
[Result "1/2-1/2"]
[WhiteElo "1845"]
[BlackElo "2134"]
[PlyCount "54"]
[EventDate "2018.??.??"]
[EventType "tourn"]
[EventRounds "10"]
[EventCountry "ESP"]
[WhiteTeam "Marcos Frechin"]
[BlackTeam "St. Casablanca A"]

1. e4 c5 2. Nf3 g6 3. c3 d5 4. e5 Nc6 5. Bb5 Bg4 6. O-O Bg7 7. d4 e6 8. Nbd2
Qb6 9. Bxc6+ bxc6 10. dxc5 Qxc5 11. Qa4 Bxf3 12. Nxf3 Ne7 13. Be3 Qb5 14. Qxb5
cxb5 15. a4 bxa4 16. Rxa4 Nc6 17. Rfa1 O-O 18. Bd4 Nxd4 19. Nxd4 Bxe5 20. Nc6
Bf6 21. Rxa7 Rxa7 22. Rxa7 Rc8 23. Ra6 Rc7 24. Kf1 Rb7 25. Ra8+ Kg7 26. Rb8
Rxb8 27. Nxb8 Kf8 1/2-1/2

[Event "División  Honor Aragonesa 2018 "]
[Site "Aragon"]
[Date "2018.01.27"]
[Round "1.13"]
[White "Garza Marco, Sergio"]
[Black "Gavin Roche, Enrique"]
[Result "1/2-1/2"]
[WhiteElo "2418"]
[BlackElo "2231"]
[PlyCount "55"]
[EventDate "2018.??.??"]
[EventType "tourn"]
[EventRounds "10"]
[EventCountry "ESP"]
[WhiteTeam "Helios"]
[BlackTeam "ONCE C.A. Aragon"]

1. d4 d5 2. Bf4 Nf6 3. e3 e6 4. Nd2 c5 5. c3 Nbd7 6. Ngf3 Be7 7. h3 b6 8. Bd3
Bb7 9. O-O a6 10. Qb1 h6 11. b4 Ra7 12. a4 O-O 13. Rc1 Qa8 14. a5 cxb4 15. cxb4
Rc8 16. Rxc8+ Qxc8 17. Qb2 Qd8 18. Rc1 Ne8 19. Qa3 bxa5 20. Qxa5 Qxa5 21. bxa5
Bb4 22. Nb3 Ra8 23. Rb1 Bc6 24. Ne1 Ba4 25. Nc2 Bc3 26. Bg3 Bxb3 27. Rxb3 Bxa5
28. Ra3 1/2-1/2

[Event "División  Honor Aragonesa 2018 "]
[Site "Aragon"]
[Date "2018.01.27"]
[Round "1.14"]
[White "Laliena Solanes, Luis"]
[Black "Guzman Moneo, Alberto"]
[Result "1-0"]
[WhiteElo "2140"]
[BlackElo "2239"]
[PlyCount "71"]
[EventDate "2018.??.??"]
[EventType "tourn"]
[EventRounds "10"]
[EventCountry "ESP"]
[WhiteTeam "ONCE C.A. Aragon"]
[BlackTeam "Helios"]

1. d4 g6 2. e4 Bg7 3. Nc3 a6 4. a4 d6 5. Bg5 Nc6 6. Nge2 h6 7. Bf4 e5 8. dxe5
Nxe5 9. Bxe5 Bxe5 10. f4 Bg7 11. Nd4 Ne7 12. Bc4 Nc6 13. Nxc6 bxc6 14. O-O O-O
15. Qf3 Be6 16. Bd3 Qf6 17. Qg3 Bd7 18. Kh1 a5 19. Rae1 Qe7 20. Nd1 Bf6 21. Re2
Rab8 22. b3 Rb4 23. Ne3 h5 24. h3 h4 25. Qe1 Bd4 26. Nc4 Bb6 27. f5 Qg5 28.
Nxb6 cxb6 29. fxg6 fxg6 30. Bc4+ d5 31. Rxf8+ Kxf8 32. exd5 cxd5 33. Re5 Bf5
34. Re8+ Kg7 35. Qe5+ Qf6 36. Re7+ 1-0

[Event "División  Honor Aragonesa 2018 "]
[Site "Aragon"]
[Date "2018.01.27"]
[Round "1.15"]
[White "Cerrajeria Ruiz, Jesus Maria"]
[Black "Latorre Abad, Fernando"]
[Result "1-0"]
[WhiteElo "2142"]
[BlackElo "2094"]
[PlyCount "91"]
[EventDate "2018.??.??"]
[EventType "tourn"]
[EventRounds "10"]
[EventCountry "ESP"]
[WhiteTeam "Helios"]
[BlackTeam "ONCE C.A. Aragon"]

1. Nf3 c5 2. g3 Nf6 3. Bg2 Nc6 4. O-O e6 5. d4 b6 6. c4 cxd4 7. Nxd4 Bb7 8. Bf4
Bc5 9. Nb5 O-O 10. Bd6 Bxd6 11. Nxd6 Qc7 12. Nc3 a6 13. Nxb7 Qxb7 14. Qd6 Qb8
15. Rfd1 Qxd6 16. Rxd6 Rac8 17. Na4 b5 18. cxb5 axb5 19. Nb6 Rb8 20. Nxd7 Nxd7
21. Bxc6 Ne5 22. Rad1 Nc4 23. R6d4 Nxb2 24. Rb1 Na4 25. Rb3 Rfc8 26. Rxb5 Nc3
27. Rxb8 Rxb8 28. Rd2 g6 29. Rc2 Nb1 30. a4 Rc8 31. Be4 Rxc2 32. Bxc2 Nc3 33.
Kf1 Kf8 34. Ke1 Ke7 35. Kd2 Nd5 36. e4 Nb6 37. Kc3 Kd6 38. Kb4 f5 39. Kb5 Nd7
40. a5 Nc5 41. e5+ Kd5 42. f4 h6 43. a6 Nxa6 44. Kxa6 g5 45. Kb5 gxf4 46. gxf4
1-0

[Event "División  Honor Aragonesa 2018 "]
[Site "Aragon"]
[Date "2018.01.27"]
[Round "1.16"]
[White "Fuertes Garay, Javier"]
[Black "Aparicio Navarro, Pedro"]
[Result "1/2-1/2"]
[WhiteElo "2040"]
[BlackElo "2125"]
[PlyCount "100"]
[EventDate "2018.??.??"]
[EventType "tourn"]
[EventRounds "10"]
[EventCountry "ESP"]
[WhiteTeam "ONCE C.A. Aragon"]
[BlackTeam "Helios"]

1. e4 c5 2. Nf3 Nc6 3. d4 cxd4 4. Nxd4 Nf6 5. Nc3 g6 6. Be2 Bg7 7. Be3 O-O 8.
O-O d5 9. exd5 Nxd5 10. Nxd5 Qxd5 11. Bf3 Qd7 12. Nxc6 bxc6 13. Qxd7 Bxd7 14.
Rad1 Bf5 15. c3 Rfc8 16. Rd2 a5 17. Rfd1 h5 18. Bg5 Bf8 19. h3 Be6 20. a3 Rab8
21. Bf4 Rb5 22. Rd8 Rxd8 23. Rxd8 Kg7 24. b4 axb4 25. cxb4 Bd5 26. Bxd5 cxd5
27. Bd2 e5 28. a4 Rb7 29. b5 d4 30. Bh6+ Kxh6 31. Rxf8 d3 32. Rd8 e4 33. Rd4 f5
34. f3 Rc7 35. fxe4 fxe4 36. Kf2 Rc2+ 37. Ke1 Rxg2 38. Rxe4 Rb2 39. Rd4 Kg5 40.
Kd1 Kf5 41. Rxd3 g5 42. Rd5+ Kf4 43. a5 g4 44. hxg4 hxg4 45. a6 g3 46. Rd4+ Ke3
47. Rg4 Rxb5 48. Rxg3+ Kd4 49. a7 Ra5 50. Rg7 Ra6 1/2-1/2

[Event "División  Honor Aragonesa 2018 "]
[Site "Aragon"]
[Date "2018.01.27"]
[Round "1.17"]
[White "Colas Longares, Rafael P"]
[Black "Del Rey, Diego"]
[Result "1-0"]
[WhiteElo "2324"]
[BlackElo "2323"]
[PlyCount "76"]
[EventDate "2018.??.??"]
[EventType "tourn"]
[EventRounds "10"]
[EventCountry "ESP"]
[WhiteTeam "SMA Barbastro"]
[BlackTeam "El Olivar"]

1. e4 d6 2. Nc3 c6 3. f4 d5 4. Nf3 Bg4 5. h3 Bxf3 6. Qxf3 e6 7. b3 Nf6 8. e5
Nfd7 9. Bb2 Qa5 10. d4 c5 11. O-O-O Nc6 12. dxc5 Bxc5 13. Kb1 a6 14. f5 O-O-O
15. fxe6 fxe6 16. Qg4 Rde8 17. Qxg7 Bd4 18. Ne4 dxe4 19. Bxd4 Ndxe5 20. Bb2 h5
21. Qg3 Qc5 22. Qf4 e3 23. Be2 h4 24. Qe4 Rhg8 25. b4 Nxb4 26. Bxe5 Rxg2 27.
Rhe1 Qb6 28. Qd4 Qxd4 29. Rxd4 Nd5 30. Re4 b5 31. Kb2 Rd8 32. Bg4 Kd7 33. Rd1
Ke7 34. Bg7 Rf2 35. Rxd5 Rd2 36. Rc5 Kd6 37. Bf8+ Kd7 38. Bxe6+ Ke8 1-0

[Event "División  Honor Aragonesa 2018 "]
[Site "Aragon"]
[Date "2018.01.27"]
[Round "1.18"]
[White "Villuendas Valero, Adrian"]
[Black "Garcia Vicente, Nieves"]
[Result "1/2-1/2"]
[WhiteElo "2291"]
[BlackElo "2174"]
[PlyCount "57"]
[EventDate "2018.??.??"]
[EventType "tourn"]
[EventRounds "10"]
[EventCountry "ESP"]
[WhiteTeam "El Olivar"]
[BlackTeam "SMA Barbastro"]

1. e4 e5 2. Nf3 Nc6 3. Bb5 Nf6 4. O-O Bc5 5. c3 O-O 6. d4 Bb6 7. Bg5 h6 8. Bh4
d6 9. d5 Nb8 10. Nbd2 a6 11. Bd3 g5 12. Bg3 Nbd7 13. Nc4 Nc5 14. Qe2 Ba7 15. b4
Nxd3 16. Qxd3 Nh5 17. Ne3 Qf6 18. Nd2 Qg6 19. Nf5 Re8 20. Nc4 Bxf5 21. exf5 Qf6
22. Qe4 Qe7 23. Qe2 Nf6 24. Rad1 Qd7 25. Qc2 Qb5 26. Na3 Qd7 27. Nc4 Qb5 28.
Na3 Qd7 29. Nc4 1/2-1/2

[Event "División  Honor Aragonesa 2018 "]
[Site "Aragon"]
[Date "2018.01.27"]
[Round "1.19"]
[White "Guetas Sanchez, Hugo"]
[Black "Hernando Garcia, Antonio"]
[Result "0-1"]
[WhiteElo "2123"]
[BlackElo "2158"]
[PlyCount "82"]
[EventDate "2018.??.??"]
[EventType "tourn"]
[EventRounds "10"]
[EventCountry "ESP"]
[WhiteTeam "SMA Barbastro"]
[BlackTeam "El Olivar"]

1. d4 d5 2. Nf3 Nf6 3. c4 c6 4. Nc3 Bf5 5. g3 e6 6. Bg2 h6 7. O-O Nbd7 8. Qb3
Qb6 9. c5 Qxb3 10. axb3 a6 11. Bf4 Be7 12. Rfe1 O-O 13. h3 Rfc8 14. g4 Bh7 15.
b4 Bd8 16. Nd2 Ne8 17. e4 dxe4 18. Nc4 Bc7 19. Bxc7 Nxc7 20. Nd6 Rcb8 21. Ncxe4
Bxe4 22. Bxe4 Nf6 23. Ra4 Nxe4 24. Nxe4 Nb5 25. Nc3 Nxd4 26. Rd1 Rd8 27. Kg2
Nb5 28. Raa1 Nxc3 29. bxc3 Kf8 30. c4 Rxd1 31. Rxd1 Ke7 32. Kf3 Rd8 33. Rxd8
Kxd8 34. Ke4 Ke7 35. f4 g5 36. Ke5 gxf4 37. Kxf4 Kf6 38. Ke4 e5 39. h4 Ke6 40.
g5 hxg5 41. hxg5 f5+ 0-1

[Event "División  Honor Aragonesa 2018 "]
[Site "Aragon"]
[Date "2018.01.27"]
[Round "1.20"]
[White "Veras Sanz, Marino"]
[Black "Escuer Sanchez, Nestor"]
[Result "0-1"]
[WhiteElo "2090"]
[BlackElo "2074"]
[PlyCount "110"]
[EventDate "2018.??.??"]
[EventType "tourn"]
[EventRounds "10"]
[EventCountry "ESP"]
[WhiteTeam "El Olivar"]
[BlackTeam "SMA Barbastro"]

1. Nf3 e6 2. g3 b6 3. Bg2 Bb7 4. O-O Nf6 5. d4 Be7 6. c4 O-O 7. d5 exd5 8. Nh4
c6 9. cxd5 Nxd5 10. Nf5 Nc7 11. e4 d5 12. Nc3 Bf6 13. Bf4 Bc8 14. Bxc7 Qxc7 15.
Nd4 dxe4 16. Nxe4 Bxd4 17. Qxd4 Rd8 18. Qc3 Bb7 19. Rfd1 Na6 20. b4 Rxd1+ 21.
Rxd1 Rd8 22. Rc1 Qd7 23. a4 Nc7 24. b5 Nd5 25. Qa1 Ne7 26. h4 c5 27. a5 Nf5 28.
axb6 axb6 29. Qa7 Nd4 30. Re1 Qc7 31. Nf6+ gxf6 32. Qxb7 Qxb7 33. Bxb7 Nxb5 34.
Ra1 Rb8 35. Bc6 Nd4 36. Bd5 b5 37. Ra7 Ne6 38. h5 h6 39. f4 f5 40. g4 fxg4 41.
f5 Ng5 42. Rc7 c4 43. f6 b4 44. Bxc4 b3 45. Bd3 b2 46. Bb1 Nf3+ 47. Kg2 Nd2 48.
Bf5 b1=Q 49. Bxb1 Nxb1 50. Kg3 Rb6 51. Rc8+ Kh7 52. Kxg4 Rxf6 53. Rc2 Na3 54.
Rc5 Rb6 55. Kf5 Rb5 0-1

[Event "División  Honor Aragonesa 2018 "]
[Site "Aragon"]
[Date "2018.01.27"]
[Round "1.22"]
[White "Remiro Juste, Fernando Jose"]
[Black "Martin Catalan, Juan Vicente"]
[Result "1/2-1/2"]
[WhiteElo "2195"]
[BlackElo "2055"]
[PlyCount "124"]
[EventDate "2018.??.??"]
[EventType "tourn"]
[EventRounds "10"]
[EventCountry "ESP"]
[WhiteTeam "Agrupacion"]
[BlackTeam "Teruel"]

1. g3 c5 2. Bg2 g6 3. Nf3 Bg7 4. O-O Nc6 5. d3 Nf6 6. e4 O-O 7. c3 d6 8. Re1
Bg4 9. h3 Bxf3 10. Qxf3 Rb8 11. Nd2 b5 12. a3 a5 13. Qe2 b4 14. axb4 axb4 15.
Ra6 Rb6 16. Rxb6 Qxb6 17. Nc4 Qc7 18. Bd2 bxc3 19. bxc3 Nd7 20. f4 Na5 21. Ne3
Nb3 22. Nd5 Qd8 23. Rb1 Nxd2 24. Qxd2 e6 25. Ne3 Qa5 26. Nc4 Qxc3 27. Qxc3 Bxc3
28. Nxd6 Rb8 29. Rxb8+ Nxb8 30. e5 Be1 31. Ne4 Nd7 32. Kf1 Bb4 33. Ke2 f6 34.
exf6 Kf7 35. Ng5+ Kxf6 36. Nxh7+ Kg7 37. Ng5 Nf8 38. Bb7 Bc3 39. Bc8 Bf6 40.
Kf3 e5 41. Ne4 exf4 42. Kxf4 Bd4 43. g4 Nh7 44. g5 Nf8 45. Nd2 Kf7 46. Nf3 Bf2
47. Ke4 Nh7 48. h4 Nf8 49. Kd5 Ke7 50. Bg4 Kf7 51. Kd6 Kg7 52. Ke7 Nh7 53. Ke6
Nf8+ 54. Ke5 Nh7 55. Kf4 Nf8 56. Bc8 Nh7 57. Kg4 Nf8 58. Ne5 Be1 59. h5 gxh5+
60. Kxh5 Bc3 61. Nf3 Ng6 62. Kg4 Ne5+ 1/2-1/2

[Event "División  Honor Aragonesa 2018 "]
[Site "Aragon"]
[Date "2018.01.27"]
[Round "1.23"]
[White "Gomez Calomarde, Saul"]
[Black "Lacruz Algarate, Alvaro"]
[Result "0-1"]
[WhiteElo "2026"]
[BlackElo "2113"]
[PlyCount "88"]
[EventDate "2018.??.??"]
[EventType "tourn"]
[EventRounds "10"]
[EventCountry "ESP"]
[WhiteTeam "Teruel"]
[BlackTeam "Agrupacion"]

1. d4 Nf6 2. Bf4 e6 3. e3 Be7 4. Bd3 b6 5. Nf3 Bb7 6. Nbd2 O-O 7. c3 c5 8. h3
Nc6 9. Nc4 cxd4 10. exd4 d6 11. a4 a6 12. O-O b5 13. Ne3 Qb6 14. Qe2 b4 15. Nc4
Qd8 16. a5 d5 17. Nb6 Ra7 18. Ne5 Nxa5 19. Rxa5 Qxb6 20. Rfa1 Rfa8 21. g4 Bd8
22. Rc5 Be7 23. g5 Ne4 24. Rca5 bxc3 25. bxc3 g6 26. Qf3 Bxg5 27. Bxe4 dxe4 28.
Qe3 Bd8 29. Rc5 Be7 30. Nc4 Qd8 31. Bc7 Qd7 32. Ne5 Qe8 33. Bb6 Bxc5 34. Bxc5
a5 35. Ng4 Qd8 36. Qf4 f5 37. Nh6+ Kg7 38. d5 e5 39. Qxe5+ Kxh6 40. Be7 Qxd5
41. Qf4+ Kg7 42. Bg5 e3 43. f3 Re8 44. Re1 Qxf3 0-1

[Event "División  Honor Aragonesa 2018 "]
[Site "Aragon"]
[Date "2018.01.27"]
[Round "1.24"]
[White "Moreno Martin-Viveros, Alvaro"]
[Black "Barcena Laguia, Francisco"]
[Result "1-0"]
[WhiteElo "2089"]
[BlackElo "1849"]
[PlyCount "69"]
[EventDate "2018.??.??"]
[EventType "tourn"]
[EventRounds "10"]
[EventCountry "ESP"]
[WhiteTeam "Agrupacion"]
[BlackTeam "Teruel"]

1. e4 c5 2. Nc3 Nc6 3. Bb5 g6 4. Bxc6 dxc6 5. d3 Bg7 6. f4 Nf6 7. Nf3 O-O 8.
O-O b6 9. Qe1 Bg4 10. Ne5 Rc8 11. Be3 Bd7 12. Qh4 Ne8 13. g4 Bxe5 14. fxe5 Ng7
15. Rf3 h5 16. gxh5 Nxh5 17. Raf1 Qc7 18. Qxe7 Rce8 19. Qd6 Qc8 20. Bh6 Bh3 21.
e6 Bxe6 22. Bxf8 Rxf8 23. Ne2 Bh3 24. R1f2 Qg4+ 25. Ng3 Qg5 26. Qc7 Bg4 27.
Rxf7 Qc1+ 28. Nf1 Rc8 29. Qe7 Qh6 30. h4 Bh3 31. Qg5 Qxg5+ 32. hxg5 a5 33. Re7
b5 34. Kh2 Bg4 35. Ne3 1-0

[Event "División  Honor Aragonesa 2018 "]
[Site "Aragon"]
[Date "2018.01.27"]
[Round "1.25"]
[White "Sierra Aguerri, Joaquin"]
[Black "Romero Pallares, Daniel"]
[Result "0-1"]
[WhiteElo "2074"]
[BlackElo "2203"]
[PlyCount "84"]
[EventDate "2018.??.??"]
[EventType "tourn"]
[EventRounds "10"]
[EventCountry "ESP"]
[WhiteTeam "Tauste"]
[BlackTeam "Palacio de Pioneros"]

1. d4 Nf6 2. Bf4 g6 3. e3 Bg7 4. Be2 d6 5. Nf3 O-O 6. O-O Nbd7 7. h3 b6 8. a4
a6 9. Na3 Bb7 10. a5 b5 11. c4 b4 12. Nc2 c5 13. Qd3 e5 14. dxe5 dxe5 15. Nxe5
Be4 16. Qd1 Nxe5 17. Bxe5 Qxd1 18. Bxd1 Rfe8 19. f4 Bd3 20. Re1 Rad8 21. Rc1
Re6 22. Na1 Bf8 23. Bf3 Nd7 24. Bd5 Ree8 25. Rcd1 Nxe5 26. fxe5 Bf5 27. Nb3 Bc2
28. Rd2 Bxb3 29. Rf2 Rxd5 30. cxd5 Bxd5 31. Rf6 Be6 32. Rc1 c4 33. g4 Bg7 34.
Kf2 Bxf6 35. exf6 Rd8 36. Rc2 Kf8 37. Kg3 h6 38. h4 g5 39. hxg5 hxg5 40. Rh2
Ke8 41. Rh8+ Kd7 42. Rh5 c3 0-1